Visualizzazione normale
Vista MARC
- DRAMMATICO
di Topical Term
Records bibliografici associati: 1
001 - CONTROL NUMBER
- control field: 43987
003 - CONTROL NUMBER IDENTIFIER
- control field: IT-RoPau
005 - DATE AND TIME OF LATEST TRANSACTION
- control field: 20151127121214.0
008 - FIXED-LENGTH DATA ELEMENTS
- fixed length control field: 151127|| aca||aabn | a|a d
040 ## - CATALOGING SOURCE
- Original cataloging agency: IT-RoPau
- Transcribing agency: IT-RoPau
150 ## - HEADING--TOPICAL TERM
- Topical term or geographic name entry element: DRAMMATICO
- : PELLICOLE CINEMA [16 MM]
- General subdivision: Codice MATERIA SPICS: 9955
670 ## - SOURCE DATA FOUND
- Source citation: Work cat.: (IT-RoPau)105900: Losey Joseph Codice regista SPICS: 4494 43985, ASSASSINIO DI TROTSKY (L') ASSASSINIO DI TROTSKY (L') (Rif. Codice opera principale : V0725)